<?xml version="1.0" encoding="UTF-8"?>
<record
    xmlns:xsi="http://www.w3.org/2001/XMLSchema-instance"
    xsi:schemaLocation="http://www.loc.gov/MARC21/slim http://www.loc.gov/standards/marcxml/schema/MARC21slim.xsd"
    xmlns="http://www.loc.gov/MARC21/slim">

  <leader>00744na  a2200229   4500</leader>
  <controlfield tag="001">19111</controlfield>
  <controlfield tag="003">MIRAKIL</controlfield>
  <controlfield tag="005">20181213155055.0</controlfield>
  <controlfield tag="008">161208b        tu            000 0      </controlfield>
  <datafield tag="040" ind1=" " ind2=" ">
    <subfield code="a">Milas</subfield>
    <subfield code="b">tur</subfield>
    <subfield code="c">TR-AnCHP</subfield>
  </datafield>
  <datafield tag="041" ind1=" " ind2=" ">
    <subfield code="a">tur</subfield>
  </datafield>
  <datafield tag="082" ind1=" " ind2=" ">
    <subfield code="a">364.1324</subfield>
    <subfield code="b">&#xDC;54s 2011</subfield>
  </datafield>
  <datafield tag="090" ind1=" " ind2=" ">
    <subfield code="a">364.1324 &#xDC;54s 2011</subfield>
  </datafield>
  <datafield tag="100" ind1=" " ind2=" ">
    <subfield code="a">&#xDC;nl&#xFC;, Nafiz</subfield>
  </datafield>
  <datafield tag="245" ind1=" " ind2=" ">
    <subfield code="a">Se&#xE7;im g&#xFC;venli&#x11F;i ve T&#xFC;rkiye uygulamalar&#x131;</subfield>
    <subfield code="b">"Se&#xE7;im manipulasyonunu ortaya &#xE7;&#x131;karmak ve engellemek"</subfield>
    <subfield code="c">Nafiz &#xDC;nl&#xFC;</subfield>
  </datafield>
  <datafield tag="246" ind1=" " ind2=" ">
    <subfield code="a">Se&#xE7;im manipulasyonunu ortaya &#xE7;&#x131;karmak ve engellemek</subfield>
  </datafield>
  <datafield tag="260" ind1=" " ind2=" ">
    <subfield code="a">[y.y.]</subfield>
    <subfield code="b">Bili&#x15F;im G&#xFC;venli&#x11F;i Derne&#x11F;i</subfield>
    <subfield code="c">2011</subfield>
  </datafield>
  <datafield tag="300" ind1=" " ind2=" ">
    <subfield code="a">40 s.</subfield>
    <subfield code="b">&#x15F;kl.</subfield>
    <subfield code="c">28 sm.</subfield>
  </datafield>
  <datafield tag="504" ind1=" " ind2=" ">
    <subfield code="a">Kaynak&#xE7;a var.</subfield>
  </datafield>
  <datafield tag="650" ind1=" " ind2=" ">
    <subfield code="a">Se&#xE7;im su&#xE7;lar&#x131;</subfield>
    <subfield code="x">&#xD6;nlemler</subfield>
    <subfield code="z">T&#xFC;rkiye</subfield>
  </datafield>
  <datafield tag="942" ind1=" " ind2=" ">
    <subfield code="2">ddc</subfield>
    <subfield code="c">BKS</subfield>
  </datafield>
  <datafield tag="952" ind1=" " ind2=" ">
    <subfield code="a">0001</subfield>
    <subfield code="b">0001</subfield>
    <subfield code="d">2016-12-08</subfield>
    <subfield code="e">2</subfield>
    <subfield code="l">0</subfield>
    <subfield code="o">364.1324 &#xDC;54s 2011</subfield>
    <subfield code="p">008960</subfield>
    <subfield code="r">2016-12-08 00:00:00</subfield>
    <subfield code="v">0.00</subfield>
    <subfield code="w">2016-12-08</subfield>
    <subfield code="y">BKS</subfield>
  </datafield>
  <datafield tag="999" ind1=" " ind2=" ">
    <subfield code="c">6063</subfield>
    <subfield code="d">6063</subfield>
  </datafield>
</record>
